000 00282nam a22001097a 4500
082 _a621.9 WOR'T
100 _aTATRA
_979748
245 _aWORKSHOP TOOLS FOR THE TRUCKS OUTILS SPECIAUX POURLES VOITURES PEZIALWERLZEUGE
260 _aCSSR
_bTATRA
_c1970
300 _a21P
942 _cBK
999 _c584751
_d584751